| 000 | 01094cas a22002897a 4500 | ||
|---|---|---|---|
| 999 |
_c323926 _d323926 |
||
| 001 | 37752 | ||
| 003 | UA-OsUOA | ||
| 005 | 20190926094439.0 | ||
| 007 | ta | ||
| 008 | 20060401999 un mr|p||00| 0 ukrcdukr d | ||
| 040 |
_aUA-OsUOA _bukr _cUA-OsUOA _dUA-OsUOA |
||
| 041 | _aukr | ||
| 044 | _aUA | ||
| 080 | _a81 | ||
| 090 |
_a81 _bУ45 |
||
| 099 | _a22677 | ||
| 110 | _aМіністерство освіти і науки України | ||
| 245 |
_aУкраїнська мова й література в середніх школах, гімназіях, ліцеях та колегіумах _bнауково-методичний та літературно-мистецький журнал _cгол. ред. Кузнецов Ю. |
||
| 260 |
_aК. _bПедагогічна преса |
||
| 310 | _aщомісяця | ||
| 650 | 7 |
_a8 Мовознавство. Художня література. Літературознавство _2UDC |
|
| 942 |
_cMG _2udc |
||
| 955 | _a3 | ||
| 962 | _d1999 | ||